福岡ソフトバンクホークス応援歌2015 - Statistics

General Stats
  • This quiz has been taken 24 times
  • The average score is 35 of 65
Answer Stats
背番号 Hint Answer % Correct
2 生まれ持つセンス 風を切り走れ空高く飛ばせ 柔らかなリストで 今宮健太
100%
1 右に左に捌け コースを絞って狙い澄まし (選手名)打て 内川聖一
95%
7 新たな扉を 今から開け愛する男さ (選手名) 中村晃
95%
9 光のような足と 突き刺すようなスローいざ一振り決めて 輝け(選手名) 柳田悠岐
95%
41 切れる球に多彩な球 この手に掴み的を目掛け投げた球が 勝利へのロード 千賀滉大
90%
62 巡ったチャンスを その手で掴み取れ(選手名)今ここで 見せてやれ 拓也
90%
5 沸き立つスタンドの 期待に応えて燃えてやれ振り抜くその腕に 闘志を注ぎ込め 松田宣浩
85%
36 ドームに響く 声を受けて今だ(選手名) 振り抜け 明石健志
85%
51 叩けボールをミートで 広く打ち分け遠くへスピード活かして 目指せホームベースを 上林誠知
85%
3 その一打で たたみ掛けろそれ今叩け力入れ ボールを飛ばせ 松中信彦
80%
10 柔軟なリスト武器に どんな球も捉え(選手名)が打ち砕き スタンドに刺さる 李大浩
80%
50 マウンドの上で 受ける声歓声を背にして 抑えろよ 攝津正
75%
69 漲るそのエナジー 轟け地の果てまで縦横無尽に 駆け抜け男になれ 牧原大成
75%
16 立ち向かえよ 勝利の為この地に今輝いて 高み目指せ 東浜巨
70%
24 走れ(選手名) 打てよ(選手名)遥か想いで 栄光奪え 長谷川勇也
70%
27 相手打者を揺さぶる 守り見せる打てここで(選手名) 勝利目指して 細川亨
70%
30 立ち向かえ気持ち込め 腕を振り抜け速い球切れる球 勝利を決めろ 武田翔太
70%
31 溢れる闘志を さあ見せてやれ鮮烈な打球を 打ち飛ばせ 栗原陵矢
70%
46 今光るその足で グランド走れその光る一振りで 時代に輝け 本多雄一
70%
0 今だ目の覚める一打を スタンドにぶち込め振り抜いた打球は 空に突き刺さる 髙田知季
65%
4 掴んだチャンスものにしたら 全てが始まる狙い絞り力込めて ボールを叩け(選手名) 金子圭輔
65%
22 冴えるリードを武器に 魅力溢れる肩と決める一打の技で 羽ばたけ(選手名) 斐紹
65%
37 嵐呼べよ(選手名) 風を切れよ(選手名)溢れる情熱 見せてくれ 福田秀平
65%
38 燃え上がる胸と スタンドの声でその腕振り下ろし 輝け(選手名) 森唯斗
65%
61 天高く拳 突き上げたら今スタンドのファンに 見せろよ 金無英
65%
66 胸元突き刺す 速い球見せ決めろその球で 敵を討ち取れ 松本裕樹
65%
6 力強く飛ばせ 怒涛の一撃で打球は空高く 虹描いて消える 吉村裕基
60%
12 敵を 打ち砕け見せろ男の 心意気 髙谷裕亮
60%
53 快速豪腕で 行け(選手名)火を噴くその球は 打てはしない 五十嵐亮太
60%
57 伸びる球と切れの利いた スライダーその球を誰も 打てはしない 嘉弥真新也
60%
8 狙いを定めて 飛ばせ(選手名)鋭い打球で 勝利決めろ 鶴岡慎也
55%
23 叩けその腕で 右中間を真っ二つ走れその足で グランド中を颯爽と 城所龍磨
55%
64 夜空に羽ばたいた 未来の三冠王高く遠く空に輝く 星になれ 真砂勇介
55%
11 期待を受け この地に戻りコースを見て決める球 投げるだけ 中田賢一
50%
18 切れる球投げ込み スイングを奪え勝利の道を 今突き進め 松坂大輔
50%
28 ほとばしる汗の中 歓声を胸に秘め男なら今ここで 勝つんだ(選手名) 大隣憲司
50%
35 逞しく いざ立ち上がれ思い切り振り 打て(選手名) 川島慶三
50%
43 どんな球も喰らいつく 若き戦士磨きかけて立ち向かえ 全力でひたむきに 江川智晃
50%
47 燃える静かな闘志 向かう気持ち高ぶる振り下ろす左腕 その球で打ち取れ 帆足和幸
50%
95 試合決める一打 高く遠く飛ばせ空の彼方描くアーチ 放て(選手名) バーバロ・カニザレス
50%
19 気持ちでは負けないぞ 熱い想い(選手名)の投げるボール 打てはしない 森福允彦
45%
20 夜空に煌めく 若鷹(選手名)だ豪腕(選手名)が マイルに挑む 寺原隼人
45%
21 風に乗って前に進め 真のヒーローよ(選手名)よ 羽ばたくんだ 岩嵜翔
45%
32 強い打球飛ばせ リストを利かせて走れ次の塁へ ベースを駆け抜けろ 塚田正義
45%
34 大地揺らす若い鼓動 どんな時も君のために(選手名) 情熱の日々よ 山田大樹
45%
14 熱く燃える闘志と みなぎる若さを背に力強く投げ抜け (選手名)闘え今を 加治屋蓮
40%
45 輝く瞬間を 信じて(選手名)未来を拓くんだ お前の力で 李杜軒
40%
13 (選手名)よ出番だぜ 気迫で投げろ信念を貫いて 勝利を呼び込め 二保旭
35%
26 砂を蹴り振り抜く その腕で切れるスライダーを武器に 勝利掴め 川原弘之
35%
56 (選手名)が 流れを作る(選手名)が ゲームを決める 星野大地
35%
120 際どいコースで 左の腕でミットを目掛けたら さあ決めてやれ 坂田将人
35%
25 静かな闘志と マウンド度胸大きく飛び立ち 羽ばたけ(選手名) 巽真吾
30%
42 晴れのマウンド この舞台(選手名) 勝利を掴め 飯田優也
30%
67 どんな時も戦え 熱く燃えて今だ見せろ 刺さるボール 笠谷俊介
30%
68 秘めたるパワー今 全開で行けよ(選手名)目の覚める一打を スタンドへ 猪本健太郎
30%
63 その血受け継ぎ ここで輝き勝利を掴み取り 強く光放て 笠原大芽
25%
29 みんな待ってるよ 君の勝利を(選手名)ゆけよ 闘志の男 大場翔太
20%
39 ここで見せてやれ 唸る球を想いを込め腕を振れば 手は出ない 島袋洋奨
20%
48 湧き上がる鼓動 マウンド度胸立ち向かう姿 光放て 岡本健
20%
49 マウンド度胸は 誰にも負けはしないコールを背にして 闘え(選手名) 伊藤祐介
20%
54 見えない速い球 手も出せない手元で落ちる球あれば 怖いものなし 柳瀬明宏
20%
59 (選手名)叩け その球を熱い心で 星を掴め 古澤勝吾
20%
123 芯で捉え 飛ばす打球は遥か空を越えて 輝く星へ 白根尚貴
20%
121 羽ばたけ世界へ 溢れる若さで柔らかいその腕で 敵を倒せ 吉本祥二
15%
40 誰にも負けない 強気で進め相手を打ち取り 輝け(選手名) 日高亮
10%
No matching quizzes found
Score Distribution
Percent of People with Each Score
Percentile by Number Answered
Your Score History
You have not taken this quiz